Climb every mountain (Record no. 342025)
[ view plain ]
| 000 -LEADER | |
|---|---|
| fixed length control field | 004490000a22001930004500 |
| 005 - DATE AND TIME OF LATEST TRANSACTION | |
| control field | 20120302053128.0 |
| 040 ## - CATALOGING SOURCE | |
| Original cataloging agency | ENG |
| 100 ## - MAIN ENTRY--PERSONAL NAME | |
| Personal name | Burns, Patrick |
| 245 ## - TITLE STATEMENT | |
| Title | Climb every mountain |
| 260 ## - PUBLICATION, DISTRIBUTION, ETC. (IMPRINT) | |
| Place of publication, distribution, etc | Assam: |
| Name of publisher, distributor, etc | Provincial Office Gauhati, |
| Date of publication, distribution, etc | 1977 |
| 300 ## - PHYSICAL DESCRIPTION | |
| Extent | 125p |
| 365 ## - TRADE PRICE | |
| Price amount | Rs. |
| 650 ## - SUBJECT ADDED ENTRY--TOPICAL TERM | |
| Topical term or geographic name as entry element | Religion |
| 650 ## - SUBJECT ADDED ENTRY--TOPICAL TERM | |
| Topical term or geographic name as entry element | Christian |
| 650 ## - SUBJECT ADDED ENTRY--TOPICAL TERM | |
| Topical term or geographic name as entry element | Christianity-Religion |
| 650 ## - SUBJECT ADDED ENTRY--TOPICAL TERM | |
| Topical term or geographic name as entry element | Divine Revelation |
| 650 ## - SUBJECT ADDED ENTRY--TOPICAL TERM | |
| Topical term or geographic name as entry element | Climb-Mountain |
| 942 ## - ADDED ENTRY ELEMENTS (KOHA) | |
| Koha item type | Book |
| Withdrawn status | Lost status | Damaged status | Not for loan | Home library | Current library | Date acquired | Total Checkouts | Barcode | Date last seen | Price effective from |
|---|---|---|---|---|---|---|---|---|---|---|
| Institute For Oriental Study, Thane | Institute For Oriental Study, Thane | 12/02/2009 | IOS-5441 | 12/02/2009 | 12/02/2009 |